[Event "25th European Teams"]
[Site "Batumi GEO"]
[Date "2025.10.06"]
[Round "2.1"]
[Board "4"]
[White "Malek, Jan"]
[Black "L'Ami, Erwin"]
[Result "1/2-1/2"]
[WhiteTitle "GM"]
[BlackTitle "GM"]
[WhiteElo "2508"]
[BlackElo "2615"]
[WhiteTeam "Poland"]
[BlackTeam "Netherlands"]
[WhiteFideId "21864080"]
[BlackFideId "1007998"]
[EventDate "2025.10.05"]

1. c4 e6 2. Nc3 d5 3. d4 Nf6 4. cxd5 exd5 5. Bg5 c6 6. e3 h6 7. Bh4 Bf5 8. Qf3
Bg6 9. Bxf6 Qxf6 10. Qxf6 gxf6 11. Nf3 Nd7 12. Ne2 Bb4+ 13. Nd2 Bd6 14. g3 Nb6
15. a4 a5 16. Nc1 Bb4 17. Kd1 Nc8 18. Bd3 Nd6 19. h4 Bh5+ 20. Be2 Bxe2+ 21. Kxe2
Bxd2 22. Kxd2 f5 23. Nd3 Ke7 24. Ke2 Ra6 25. Rhc1 Rha8 26. Kf3 Ne4 27. Kf4 Kf6
28. Rc2 Rb6 29. Ne5 Ke6 30. Nd3 Kf6 31. Ne5 Ke6 32. Nd3 1/2-1/2

[Event "25th European Teams"]
[Site "Batumi GEO"]
[Date "2025.10.06"]
[Round "2.2"]
[Board "1"]
[White "Mamedyarov, Shakhriyar"]
[Black "Nguyen, Thai Dai Van"]
[Result "1-0"]
[WhiteTitle "GM"]
[BlackTitle "GM"]
[WhiteElo "2742"]
[BlackElo "2664"]
[WhiteTeam "Azerbaijan"]
[BlackTeam "Czech Republic"]
[WhiteFideId "13401319"]
[BlackFideId "358878"]
[EventDate "2025.10.05"]

1. c4 e6 2. Nc3 d5 3. d4 Nf6 4. cxd5 Nxd5 5. e4 Nxc3 6. bxc3 c5 7. Rb1 Be7 8.
Nf3 O-O 9. Bc4 Qc7 10. Qe2 a6 11. O-O b5 12. Bd3 Nc6 13. d5 Ne5 14. Nxe5 Qxe5
15. f4 Qxc3 16. Bb2 Qa5 17. d6 Bxd6 18. e5 c4 19. Bxh7+ Kxh7 20. exd6 Qb6+ 21.
Kh1 f6 22. Rbd1 Bd7 23. Rf3 Kg8 24. Rh3 e5 25. Rh4 Rae8 26. Qh5 Qf2 27. Qh7+ Kf7
28. Qh5+ g6 29. Qh7+ Ke6 30. Qxg6 Rg8 31. Qe4 Qxb2 32. f5+ Kf7 33. Rh7+ Kf8 34.
Rxd7 1-0

[Event "25th European Teams"]
[Site "Batumi GEO"]
[Date "2025.10.06"]
[Round "2.2"]
[Board "2"]
[White "Navara, David"]
[Black "Mamedov, Rauf"]
[Result "1-0"]
[WhiteTitle "GM"]
[BlackTitle "GM"]
[WhiteElo "2656"]
[BlackElo "2655"]
[WhiteTeam "Czech Republic"]
[BlackTeam "Azerbaijan"]
[WhiteFideId "309095"]
[BlackFideId "13401653"]
[EventDate "2025.10.05"]

1. e4 e5 2. Nf3 Nf6 3. d4 Nxe4 4. dxe5 d5 5. Nbd2 Be7 6. Nxe4 dxe4 7. Qxd8+ Bxd8
8. Nd4 Nd7 9. Bf4 g5 10. Bg3 h5 11. h4 gxh4 12. Rxh4 Bxh4 13. Bxh4 Rh6 14. O-O-O
Kf8 15. Nb5 c6 16. Nc7 Rb8 17. g3 f6 18. exf6 Nxf6 19. Rd8+ Ke7 20. Rg8 b5 21.
Bh3 Kd6 22. Bxf6 Bxh3 23. Rxb8 Kxc7 24. Be5+ Kd7 25. Bf4 Rf6 26. Rb7+ Ke6 27.
Rxa7 h4 28. Rh7 hxg3 29. fxg3 Bf5 30. Rc7 Kd5 31. Kd2 Rf8 32. Ke3 Rh8 33. Re7
Be6 34. b3 b4 35. Rb7 Rh2 36. Rxb4 Rxc2 37. Rd4+ Kc5 38. Bd6+ Kb6 39. Rxe4 Bd5
40. Rb4+ Ka6 41. Ra4+ Kb6 42. Kd3 Rg2 43. Kd4 Rd2+ 44. Kc3 Re2 45. Rb4+ Ka6 46.
Bc5 Rxa2 47. Rb6+ Ka7 48. Rxc6+ Kb7 49. Rd6 Bc6 50. Rf6 Bd5 51. Kd4 Rd2+ 52. Ke5
Bc6 53. b4 Re2+ 54. Kf4 Re1 55. g4 Rf1+ 56. Kg5 Rd1 57. Kh6 Rh1+ 58. Kg7 Be4 59.
g5 Rh3 60. g6 Rg3 61. Kf7 Bd5+ 62. Kf8 Ra3 63. g7 Ra8+ 64. Ke7 Rg8 65. Rf7 Kc6
66. Kf6 Re8 67. Rf8 Re6+ 68. Kf5 Re1 69. g8=Q Rf1+ 70. Kg5 1-0

[Event "25th European Teams"]
[Site "Batumi GEO"]
[Date "2025.10.06"]
[Round "2.2"]
[Board "3"]
[White "Suleymanli, Aydin"]
[Black "Finek, Vaclav"]
[Result "1/2-1/2"]
[WhiteTitle "GM"]
[BlackTitle "IM"]
[WhiteElo "2614"]
[BlackElo "2518"]
[WhiteTeam "Azerbaijan"]
[BlackTeam "Czech Republic"]
[WhiteFideId "13413937"]
[BlackFideId "23718293"]
[EventDate "2025.10.05"]

1. e4 e5 2. Nf3 Nf6 3. d4 Nxe4 4. Bd3 Nc6 5. Nxe5 Nxe5 6. dxe5 Nc5 7. Bc4 d6 8.
Qf3 Ne6 9. exd6 Bxd6 10. Be3 O-O 11. Nd2 c6 12. O-O-O Qc7 13. g3 Bd7 14. Ne4 Be7
15. h4 Rad8 16. Ng5 Qe5 17. Qe4 Qxe4 18. Nxe4 b6 19. Nd6 Bxd6 20. Rxd6 Bc8 21.
Rhd1 c5 22. c3 Rxd6 23. Rxd6 Re8 24. Bb5 Rd8 25. Rxd8+ Nxd8 26. Bf4 a6 27. Bd3
Ne6 28. Bb8 b5 29. Bd6 Bb7 30. c4 Bc6 31. f4 g6 32. g4 bxc4 33. Bxc4 Bb5 34. Bd5
Be2 35. g5 h6 36. Kd2 Bb5 37. b3 hxg5 38. hxg5 Kg7 39. a4 Bf1 40. Kc3 Be2 41.
Kd2 Bf1 42. Ke3 Kg8 43. Be7 a5 44. Bc4 Bg2 45. Bd6 Bc6 46. Be5 Kf8 47. Bc3 Nc7
48. Kf2 Nd5 49. Bd2 Ke7 50. Kg3 Nb6 51. Be2 Bd5 52. Bxa5 Nc8 53. b4 Bb3 54. Ba6
Nd6 55. bxc5 Nf5+ 56. Kf3 Bxa4 57. Bc3 Bc6+ 58. Ke2 Ke6 59. Kd3 Ne7 60. Bd2 Bd5
61. Bc3 Kd7 62. Bb5+ Nc6 63. Ke3 Be6 64. Be5 Bd5 65. Be2 Be6 66. Bf3 Bc4 67. Kd2
Ba2 68. Kc3 Be6 69. Bf6 Kc7 70. Be4 Kd7 71. Kd2 Nb4 72. Ke3 Nd5+ 73. Kd4 Nb4 74.
Be5 Nc6+ 75. Kc3 Ba2 76. Bd6 Be6 77. Bd3 Kd8 78. Bc2 Kc8 79. Kd2 Kd7 80. Kc3 Kc8
81. Bd3 Kd8 82. Kb2 Kd7 83. Ka3 Nd4 84. Be5 Nc6 85. Ka4 Bd5 86. Kb5 Ne7 87. Ka6
Bc6 88. Bc4 Bd5 89. Be2 Be4 90. Bf6 Nd5 91. Bb5+ Kc8 92. Be5 Ne7 93. Bc4 Bb7+
94. Kb5 Bd5 95. Bxd5 Nxd5 96. c6 Ne7 97. Kc5 Nf5 98. Bd6 Ng7 99. Kd5 Kd8 100.
Be5 Nf5 101. Bc3 Ne7+ 102. Kd6 Nc8+ 103. Ke5 Ne7 104. Kf6 Ke8 105. c7 Nd5+ 106.
Ke5 Nxc7 107. f5 1/2-1/2

[Event "25th European Teams"]
[Site "Batumi GEO"]
[Date "2025.10.06"]
[Round "2.2"]
[Board "4"]
[White "Stalmach, Richard"]
[Black "Muradli, Mahammad"]
[Result "1/2-1/2"]
[WhiteTitle "IM"]
[BlackTitle "GM"]
[WhiteElo "2410"]
[BlackElo "2584"]
[WhiteTeam "Czech Republic"]
[BlackTeam "Azerbaijan"]
[WhiteFideId "372048"]
[BlackFideId "13409301"]
[EventDate "2025.10.05"]

1. d4 d5 2. c4 e6 3. Nf3 Nf6 4. g3 Bb4+ 5. Bd2 Be7 6. Bg2 Nbd7 7. Qc2 c6 8. O-O
b6 9. a4 Ba6 10. b3 O-O 11. Rc1 c5 12. cxd5 exd5 13. Nc3 Rc8 14. Qb2 Bb7 15. Bf4
Ne4 16. Nxe4 dxe4 17. Ne5 Nxe5 18. dxe5 Qd7 19. h4 f5 20. Rd1 Qe6 21. Bf1 Ba6
22. a5 b5 23. Bg5 Rfd8 24. Bxe7 Qxe7 25. e3 Qe6 26. Qc3 Rd5 27. Rxd5 Qxd5 28.
Rc1 Kf7 29. Qc2 Qxe5 30. Rd1 Ke7 31. Qd2 Qe6 32. b4 c4 33. Qd4 Kf7 34. Qxa7+ Kf8
35. Be2 Qf6 36. Qd7 Rc6 37. Rd5 Bc8 38. Qd8+ Qxd8 39. Rxd8+ Ke7 40. Rd1 g6 41.
Kf1 h6 42. Ke1 Rd6 43. Rxd6 Kxd6 44. Kd2 h5 45. f3 Bb7 46. fxe4 Bxe4 47. Kc3 Kd5
48. Bd1 Bh1 49. Bc2 Bf3 50. Bb1 1/2-1/2

[Event "25th European Teams"]
[Site "Batumi GEO"]
[Date "2025.10.06"]
[Round "2.3"]
[Board "1"]
[White "Deac, Bogdan-Daniel"]
[Black "Adams, Michael"]
[Result "1/2-1/2"]
[WhiteTitle "GM"]
[BlackTitle "GM"]
[WhiteElo "2655"]
[BlackElo "2646"]
[WhiteTeam "Romania"]
[BlackTeam "England"]
[WhiteFideId "1226380"]
[BlackFideId "400041"]
[EventDate "2025.10.05"]

1. d4 Nf6 2. c4 e6 3. Nc3 Bb4 4. e3 O-O 5. Bd3 d5 6. cxd5 exd5 7. a3 Bd6 8. Qc2
c5 9. dxc5 Bxc5 10. Nge2 Nc6 11. O-O Qe7 12. Ng3 Rd8 13. b4 Bd6 14. Bb2 a5 15.
b5 Ne5 16. Rfd1 Nxd3 17. Qxd3 Bg4 18. f3 Bd7 19. a4 Bc5 20. Nf1 Re8 21. Nxd5
Nxd5 22. Qxd5 Bxe3+ 23. Nxe3 Qxe3+ 24. Kh1 Be6 25. Qxb7 Bb3 26. Rg1 Qd2 27. Be5
h5 28. b6 f6 29. Bg3 h4 30. Bxh4 Rab8 31. Qa7 Qd4 32. Bg3 Rxb6 33. Rab1 Qb4 34.
Be1 Qd6 35. Qxa5 Ra6 36. Qh5 Bxa4 37. Rb7 Bd7 38. Bg3 Qd3 39. Qc5 Rae6 40. Qc7
R6e7 41. Rb8 Rxb8 42. Qxb8+ Re8 43. Qc7 Rc8 44. Qd6 Qxd6 45. Bxd6 Ba4 46. Ra1
Rd8 47. Rxa4 Rxd6 48. h4 Rd7 49. Kh2 Kf7 50. g4 Rb7 51. Ra3 Rc7 52. Kg3 Rb7 53.
h5 g6 54. Kh4 Kg7 55. f4 Rb4 56. hxg6 Rxf4 57. Kh5 Rf1 58. Ra7+ Kg8 59. g7 Kh7
60. g8=Q+ Kxg8 61. Kg6 Kf8 62. Rf7+ Kg8 63. g5 Rg1 64. Rg7+ Kh8 65. Rh7+ Kg8 66.
Rg7+ Kh8 67. Kxf6 Rf1+ 68. Kg6 Rf6+ 69. gxf6 1/2-1/2

[Event "25th European Teams"]
[Site "Batumi GEO"]
[Date "2025.10.06"]
[Round "2.3"]
[Board "2"]
[White "Maroroa Jones, Gawain C B"]
[Black "Nisipeanu, Liviu-Dieter"]
[Result "1/2-1/2"]
[WhiteTitle "GM"]
[BlackTitle "GM"]
[WhiteElo "2643"]
[BlackElo "2577"]
[WhiteTeam "England"]
[BlackTeam "Romania"]
[WhiteFideId "409561"]
[BlackFideId "1202758"]
[EventDate "2025.10.05"]

1. e4 e5 2. Nf3 Nc6 3. Bc4 Nf6 4. d3 Bc5 5. Be3 Bb6 6. O-O d6 7. a4 O-O 8. Nbd2
h6 9. c3 d5 10. Bb5 dxe4 11. dxe4 Qe7 12. Qe2 Bxe3 13. Qxe3 Nd8 14. Rfd1 a6 15.
Bc4 a5 16. h3 Kh7 17. Bb5 Ne8 18. b4 f6 19. bxa5 Rxa5 20. Nc4 Ra8 21. Nh4 Nf7
22. Qg3 g5 23. Nf5 Bxf5 24. exf5 c6 25. Nb6 Rd8 26. Be2 Ng7 27. Qe3 Rxd1+ 28.
Bxd1 e4 29. Bc2 Re8 30. Re1 Nxf5 31. Qxe4 Kg7 32. Qxe7 Rxe7 1/2-1/2

[Event "25th European Teams"]
[Site "Batumi GEO"]
[Date "2025.10.06"]
[Round "2.3"]
[Board "3"]
[White "Lupulescu, Constantin"]
[Black "McShane, Luke J"]
[Result "1-0"]
[WhiteTitle "GM"]
[BlackTitle "GM"]
[WhiteElo "2577"]
[BlackElo "2614"]
[WhiteTeam "Romania"]
[BlackTeam "England"]
[WhiteFideId "1207822"]
[BlackFideId "404853"]
[EventDate "2025.10.05"]

1. d4 Nf6 2. c4 e6 3. Nc3 Bb4 4. e3 O-O 5. Bd3 d5 6. a3 Bxc3+ 7. bxc3 e5 8. Qb3
e4 9. Be2 c6 10. a4 Re8 11. Ba3 Na6 12. cxd5 cxd5 13. Bb5 Bd7 14. Ne2 Nc7 15.
Bxd7 Qxd7 16. O-O b6 17. Rfc1 Rac8 18. c4 dxc4 19. Rxc4 Ncd5 20. Rac1 h5 21. Qc2
Rcd8 22. Rc6 h4 23. h3 Qf5 24. Nc3 Nxc3 25. Qxc3 Nd5 26. Qc4 a5 27. Qb5 g6 28.
Bd6 Re6 29. Bc7 Rxc6 30. Rxc6 Nxc7 31. Qxb6 Rd7 32. Rxc7 Rxc7 33. Qxc7 Qd5 34.
Qe5 Qc4 35. Qxa5 Kh7 36. Qa7 Kg7 37. a5 Qc1+ 38. Kh2 Qb2 39. a6 Qxf2 40. Qb8 g5
41. a7 g4 42. hxg4 h3 43. Qe5+ f6 44. Qe7+ Kh6 45. Qxe4 hxg2 46. Qf4+ 1-0

[Event "25th European Teams"]
[Site "Batumi GEO"]
[Date "2025.10.06"]
[Round "2.3"]
[Board "4"]
[White "Royal, Shreyas"]
[Black "Gavrilescu, David"]
[Result "0-1"]
[WhiteTitle "GM"]
[BlackTitle "GM"]
[WhiteElo "2501"]
[BlackElo "2535"]
[WhiteTeam "England"]
[BlackTeam "Romania"]
[WhiteFideId "448869"]
[BlackFideId "1227190"]
[EventDate "2025.10.05"]

1. e4 e6 2. d4 d5 3. Nc3 Nf6 4. e5 Nfd7 5. f4 c5 6. Nf3 Nc6 7. Be3 cxd4 8. Nxd4
Qb6 9. Qd2 Qxb2 10. Rb1 Qa3 11. Bb5 Nxd4 12. Bxd4 a6 13. Bxd7+ Bxd7 14. Rb3 Qe7
15. Rxb7 Qd8 16. O-O Qc8 17. Rb3 Bc5 18. Rf2 Qc6 19. Ne2 O-O 20. Rff3 Rab8 21.
Rfc3 Rxb3 22. cxb3 Bb4 23. Rxc6 Bxd2 24. Rc2 Ba5 25. Kf2 f6 26. Ke3 Kf7 27. Nc1
Rb8 28. Nd3 Bb5 29. g4 h5 30. exf6 gxf6 31. g5 Bd8 32. h4 e5 33. fxe5 fxg5 34.
Rf2+ Kg6 35. Bc5 Bxd3 36. Kxd3 g4 37. Rf8 Rb5 38. b4 Bxh4 39. Kd4 Kg7 40. Rf1
Bg5 41. Kxd5 h4 42. Ke4 h3 43. e6 g3 44. Kf3 g2 45. Rd1 Be7 46. Kg3 Rxc5 47.
bxc5 Bxc5 48. Kh2 Kf6 49. Re1 Ke7 50. Rc1 Bf2 51. a4 Kxe6 52. a5 Bd4 53. Rd1 Kd5
54. Rc1 g1=Q+ 55. Rxg1 Bxg1+ 56. Kxg1 Kc5 57. Kh2 Kb5 58. Kxh3 Kxa5 59. Kg4 Kb4
60. Kf3 Kb3 0-1

[Event "25th European Teams"]
[Site "Batumi GEO"]
[Date "2025.10.06"]
[Round "2.4"]
[Board "1"]
[White "Sargsyan, Shant"]
[Black "Saric, Ivan"]
[Result "1/2-1/2"]
[WhiteTitle "GM"]
[BlackTitle "GM"]
[WhiteElo "2667"]
[BlackElo "2661"]
[WhiteTeam "Armenia"]
[BlackTeam "Croatia"]
[WhiteFideId "13306766"]
[BlackFideId "14508150"]
[EventDate "2025.10.05"]

1. d4 Nf6 2. c4 g6 3. Nc3 Bg7 4. e4 d6 5. Be2 O-O 6. Nf3 e5 7. O-O h6 8. Re1
Nbd7 9. Qc2 Re8 10. dxe5 dxe5 11. Be3 c6 12. b4 Qc7 13. Rad1 a5 14. a3 Ng4 15.
Bd2 axb4 16. axb4 Qb6 17. c5 Qxb4 18. Nb5 Qxc5 19. Qxc5 Nxc5 20. Nc7 Be6 21. Bf1
Nf6 22. Nxa8 Rxa8 23. Nxe5 Nfxe4 24. Nd3 Nxd3 25. Rxe4 Nc5 26. Ree1 Nb3 27. Bf4
c5 28. Rd6 g5 29. Be3 Nd4 30. Rb6 Nc2 31. Rc1 1/2-1/2

[Event "25th European Teams"]
[Site "Batumi GEO"]
[Date "2025.10.06"]
[Round "2.4"]
[Board "2"]
[White "Brkic, Ante"]
[Black "Hovhannisyan, Robert"]
[Result "1/2-1/2"]
[WhiteTitle "GM"]
[BlackTitle "GM"]
[WhiteElo "2578"]
[BlackElo "2633"]
[WhiteTeam "Croatia"]
[BlackTeam "Armenia"]
[WhiteFideId "14506688"]
[BlackFideId "13302507"]
[EventDate "2025.10.05"]

1. e4 e5 2. Nf3 Nc6 3. Bc4 Bc5 4. d3 Nf6 5. Be3 Bb6 6. O-O d6 7. a4 O-O 8. h3 h6
9. Nbd2 Ne7 10. a5 Bxe3 11. fxe3 Ng6 12. Qe1 Qe7 13. Nh4 Nxh4 14. Qxh4 Be6 15.
Bxe6 fxe6 16. Qg3 b5 17. axb6 axb6 18. Nf3 Qf7 19. Nh2 Rxa1 20. Rxa1 Qd7 21. Ng4
Nxg4 22. Qxg4 Kh7 23. Rf1 Rxf1+ 24. Kxf1 Qa4 25. b3 Qa1+ 26. Kf2 Qc1 27. Qxe6
Qxc2+ 28. Kf3 h5 29. Qf5+ Kg8 30. Qc8+ Kf7 31. Qd7+ Kf8 32. Qd8+ Kf7 33. Qd7+
Kf8 34. Qd8+ Kf7 1/2-1/2

[Event "25th European Teams"]
[Site "Batumi GEO"]
[Date "2025.10.06"]
[Round "2.4"]
[Board "3"]
[White "Martirosyan, Haik M."]
[Black "Livaic, Leon"]
[Result "1/2-1/2"]
[WhiteTitle "GM"]
[BlackTitle "GM"]
[WhiteElo "2626"]
[BlackElo "2551"]
[WhiteTeam "Armenia"]
[BlackTeam "Croatia"]
[WhiteFideId "13306553"]
[BlackFideId "14531534"]
[EventDate "2025.10.05"]

1. d4 Nf6 2. c4 e6 3. Nc3 Bb4 4. Qc2 d6 5. Bd2 O-O 6. a3 Bxc3 7. Bxc3 c5 8. dxc5
dxc5 9. Nf3 Nc6 10. b4 e5 11. Nxe5 Nd4 12. Qb2 Bf5 13. Bxd4 cxd4 14. Rd1 a5 15.
Nf3 axb4 16. axb4 d3 17. exd3 Re8+ 18. Be2 Nh5 19. O-O Nf4 20. Rfe1 Bg4 21. Qd2
Qf6 22. h3 Rxe2 23. Rxe2 Bxf3 24. Re4 Qg5 25. g3 Nxh3+ 26. Kf1 Qxd2 27. Rxd2
Bxe4 28. dxe4 Ng5 29. e5 g6 30. Rd6 Nf3 31. e6 fxe6 32. c5 e5 33. Ke2 Nd4+ 34.
Kd3 Nc6 35. b5 Nd4 36. Rb6 Rc8 37. Kc4 Rc7 38. Kd5 Re7 39. c6 bxc6+ 40. bxc6 Kf7
41. Rb8 Kf6 42. Rf8+ Kg5 43. f4+ Kg4 44. fxe5 Nxc6 45. e6 Kxg3 46. Kd6 Kg4 47.
Rf1 g5 48. Rf6 h5 49. Kxc6 h4 50. Kd6 Re8 51. e7 h3 52. Rf8 Rxe7 53. Kxe7 Kg3
54. Kf6 h2 55. Rh8 Kg2 56. Kxg5 h1=Q 57. Rxh1 Kxh1 1/2-1/2

[Event "25th European Teams"]
[Site "Batumi GEO"]
[Date "2025.10.06"]
[Round "2.4"]
[Board "4"]
[White "Martinovic, Sasa"]
[Black "Hakobyan, Aram"]
[Result "1/2-1/2"]
[WhiteTitle "GM"]
[BlackTitle "GM"]
[WhiteElo "2553"]
[BlackElo "2624"]
[WhiteTeam "Croatia"]
[BlackTeam "Armenia"]
[WhiteFideId "14509792"]
[BlackFideId "13306677"]
[EventDate "2025.10.05"]

1. d4 Nf6 2. c4 e6 3. Nf3 b6 4. a3 Bb7 5. Nc3 d6 6. Qc2 c5 7. dxc5 bxc5 8. Bg5
Be7 9. e3 h6 10. Bh4 Nc6 11. Be2 O-O 12. O-O Nh5 13. Bxe7 Qxe7 14. Rfd1 Nf6 15.
Nd2 Rfd8 16. Nde4 Nxe4 17. Nxe4 Rab8 18. Rd2 Na5 19. Rad1 Bxe4 20. Qxe4 Nb3 21.
Rd3 Rb6 22. h4 Qf6 23. Rb1 g6 24. h5 Qf5 25. Qxf5 gxf5 26. Bd1 Na5 27. Rc3 Rdb8
28. b3 Kf8 29. f4 Nc6 30. Bc2 Ra6 31. Ra1 Ke7 32. Kf2 Ra5 33. Bd1 Ra6 34. g4
fxg4 35. Bxg4 Rab6 36. Bd1 a5 37. Bc2 a4 38. bxa4 Rb2 39. Kf3 Nd4+ 40. exd4 cxd4
41. Rb3 R8xb3+ 42. Bxb3 Rxb3+ 43. Ke4 Rh3 44. Kxd4 Rxh5 45. Kc3 Kd7 46. Kb4 Rf5
47. a5 Kc6 48. a6 h5 49. Rd1 d5 50. cxd5+ Rxd5 51. Rc1+ Kb6 52. a7 Rb5+ 53. Kc4
Ra5 54. f5 Rxa7 55. Rh1 exf5 56. Rxh5 Ra4+ 57. Kd5 f4 58. Rh6+ Kb5 59. Rf6 Rxa3
60. Rxf7 1/2-1/2

[Event "25th European Teams"]
[Site "Batumi GEO"]
[Date "2025.10.06"]
[Round "2.5"]
[Board "1"]
[White "Alekseenko, Kirill"]
[Black "Sarana, Alexey"]
[Result "1/2-1/2"]
[WhiteTitle "GM"]
[BlackTitle "GM"]
[WhiteElo "2679"]
[BlackElo "2661"]
[WhiteTeam "Austria"]
[BlackTeam "Serbia"]
[WhiteFideId "4135539"]
[BlackFideId "24133795"]
[EventDate "2025.10.05"]

1. e4 c5 2. Nf3 d6 3. d4 cxd4 4. Nxd4 Nf6 5. Nc3 a6 6. Nb3 e6 7. a4 Nc6 8. Bd3
Be7 9. O-O b6 10. Be3 Bb7 11. f4 Nd7 12. Qf3 Nb4 13. Na2 Nxd3 14. cxd3 O-O 15.
Nc3 Nc5 16. Nxc5 dxc5 17. Rad1 Qc7 18. d4 Rfd8 19. Qf2 Rac8 20. f5 cxd4 21. Rxd4
Bc5 22. Rxd8+ Rxd8 23. Bxc5 Qxc5 24. Qxc5 bxc5 25. fxe6 fxe6 26. a5 Rd4 27. e5
h5 28. g3 Rb4 29. Rf2 Kh7 30. h4 Rg4 31. Kh2 Rd4 32. Kg1 Rd3 33. Ne2 Re3 34. Rf7
Rb3 35. Rc7 Bf3 36. Nf4 Bg4 37. Rc6 Rxg3+ 38. Kh2 Rb3 39. Rb6 Re3 40. Nxe6 Rh3+
41. Kg2 Bxe6 42. Rxe6 Rxh4 43. Rxa6 1/2-1/2

[Event "25th European Teams"]
[Site "Batumi GEO"]
[Date "2025.10.06"]
[Round "2.5"]
[Board "2"]
[White "Indjic, Aleksandar"]
[Black "Horvath, Dominik"]
[Result "1-0"]
[WhiteTitle "GM"]
[BlackTitle "GM"]
[WhiteElo "2618"]
[BlackElo "2558"]
[WhiteTeam "Serbia"]
[BlackTeam "Austria"]
[WhiteFideId "911925"]
[BlackFideId "1642561"]
[EventDate "2025.10.05"]

1. c4 c5 2. Nf3 Nc6 3. Nc3 Nf6 4. d4 cxd4 5. Nxd4 Qb6 6. e3 e6 7. Be2 d5 8. Nxc6
bxc6 9. O-O Bb4 10. Qc2 O-O 11. b3 e5 12. Bb2 Be6 13. Na4 Qb8 14. Rac1 Bd6 15.
Rfd1 Rc8 16. Qb1 Qb7 17. Qa1 Nd7 18. h3 f6 19. Bf3 Bb4 20. cxd5 cxd5 21. Nc3 Nb6
22. a4 a5 23. Ba3 Qe7 24. Bxb4 Qxb4 25. Nxd5 Bxd5 26. Bxd5+ Nxd5 27. Rxd5 Qxb3
28. Rxa5 Rxa5 29. Rxc8+ Kf7 30. Qc1 Rxa4 31. Qc6 Kg6 32. Qe8+ Kg5 33. Rc7 Kh6
34. g4 g6 35. Qf8+ Kg5 36. Rxh7 1-0

[Event "25th European Teams"]
[Site "Batumi GEO"]
[Date "2025.10.06"]
[Round "2.5"]
[Board "3"]
[White "Dragnev, Valentin"]
[Black "Ivic, Velimir"]
[Result "1/2-1/2"]
[WhiteTitle "GM"]
[BlackTitle "GM"]
[WhiteElo "2539"]
[BlackElo "2628"]
[WhiteTeam "Austria"]
[BlackTeam "Serbia"]
[WhiteFideId "1634852"]
[BlackFideId "950122"]
[EventDate "2025.10.05"]

1. d4 Nf6 2. Nf3 d5 3. e3 e6 4. Bd3 Be7 5. O-O O-O 6. Nbd2 b6 7. e4 dxe4 8. Nxe4
Nbd7 9. Qe2 Bb7 10. Rd1 Nxe4 11. Bxe4 Bxe4 12. Qxe4 Nf6 13. Qe2 Qc8 14. c4 Re8
15. h3 Qb7 16. Be3 Rad8 17. b3 h6 18. Rd3 Qe4 19. Rad1 Bd6 20. Kf1 Nd7 21. Bc1
Qxe2+ 22. Kxe2 f6 23. Be3 g5 24. Kf1 Kf7 25. Nd2 Nf8 26. Ne4 Be7 27. Nc3 a6 28.
d5 f5 29. f4 Bf6 30. dxe6+ Nxe6 31. Nd5 Bg7 32. g3 Bf8 33. Kg2 Nc5 34. Bxc5 Bxc5
35. Kf3 c6 36. b4 Bf8 37. Nxb6 Rxd3+ 38. Rxd3 Bxb4 39. Nd7 gxf4 40. gxf4 Re4 41.
c5 Ke7 42. Ne5 Bxc5 43. Nxc6+ Ke6 44. Nd8+ Kf6 45. Rd5 1/2-1/2

[Event "25th European Teams"]
[Site "Batumi GEO"]
[Date "2025.10.06"]
[Round "2.5"]
[Board "4"]
[White "Markus, Robert"]
[Black "Ragger, Markus"]
[Result "1/2-1/2"]
[WhiteTitle "GM"]
[BlackTitle "GM"]
[WhiteElo "2535"]
[BlackElo "2567"]
[WhiteTeam "Serbia"]
[BlackTeam "Austria"]
[WhiteFideId "921637"]
[BlackFideId "1610856"]
[EventDate "2025.10.05"]

1. c4 e6 2. d4 d5 3. Nc3 c6 4. cxd5 exd5 5. Qc2 Bd6 6. Nf3 h6 7. e4 dxe4 8.
Qxe4+ Qe7 9. Bc4 Bf5 10. Qe3 Nf6 11. O-O O-O 12. Qxe7 Bxe7 13. Bf4 Nbd7 14. Rfe1
Rfe8 15. Bb3 Nb6 16. Re5 Bd7 17. Rae1 Bf8 18. Rxe8 Bxe8 19. h3 Nfd5 20. Bd2 Nf6
21. Bf4 Nfd5 22. Bd2 Nf6 23. Bf4 1/2-1/2

[Event "25th European Teams"]
[Site "Batumi GEO"]
[Date "2025.10.06"]
[Round "2.6"]
[Board "1"]
[White "Gurel, Ediz"]
[Black "Ponomariov, Ruslan"]
[Result "1/2-1/2"]
[WhiteTitle "GM"]
[BlackTitle "GM"]
[WhiteElo "2634"]
[BlackElo "2633"]
[WhiteTeam "Turkiye"]
[BlackTeam "Ukraine"]
[WhiteFideId "44507356"]
[BlackFideId "14103320"]
[EventDate "2025.10.05"]

1. e4 e5 2. Nf3 Nc6 3. Bb5 Nf6 4. d3 Bc5 5. c3 O-O 6. O-O d5 7. Nbd2 Re8 8. exd5
a6 9. Bxc6 bxc6 10. Nb3 Qxd5 11. c4 Qd6 12. Nxc5 Qxc5 13. d4 exd4 14. Qxd4 Qh5
15. Bg5 Bg4 16. Bxf6 Bxf3 17. gxf3 Qg6+ 18. Kh1 c5 19. Qf4 Qxf6 20. Qxf6 gxf6
21. Kg2 Rad8 22. Rfd1 Rxd1 23. Rxd1 Re2 24. Rd8+ Kg7 25. Rb8 Rc2 26. Rb7 Rxc4
27. Rxc7 Rc2 28. a4 c4 29. Rb7 Kg6 30. Kg3 h5 31. Rb6 Kf5 32. Rxa6 Rxb2 33. Ra5+
Kg6 34. Rc5 Rc2 35. a5 Ra2 36. h4 c3 37. Rxc3 Rxa5 1/2-1/2

[Event "25th European Teams"]
[Site "Batumi GEO"]
[Date "2025.10.06"]
[Round "2.6"]
[Board "2"]
[White "Korobov, Anton"]
[Black "Yilmaz, Mustafa"]
[Result "1/2-1/2"]
[WhiteTitle "GM"]
[BlackTitle "GM"]
[WhiteElo "2596"]
[BlackElo "2591"]
[WhiteTeam "Ukraine"]
[BlackTeam "Turkiye"]
[WhiteFideId "14105730"]
[BlackFideId "6302718"]
[EventDate "2025.10.05"]

1. d4 Nf6 2. c4 e6 3. Nf3 d5 4. Nc3 Bb4 5. cxd5 exd5 6. Bf4 c6 7. e3 Bf5 8. Qb3
Qb6 9. Be2 Be7 10. O-O Nbd7 11. Rfc1 Qxb3 12. axb3 Ne4 13. Nxe4 Bxe4 14. Ne1 O-O
15. f3 Bg6 16. Bd3 Rfc8 17. Kf2 Bb4 18. Nc2 Be7 19. Ke2 c5 20. Bxg6 hxg6 21. g4
a6 22. g5 Nf8 23. dxc5 Rxc5 24. Nd4 Rcc8 25. h4 f6 26. Rg1 Kf7 27. Ra5 Rc5 28.
Rxc5 Bxc5 29. Kd3 Bxd4 30. Kxd4 Ne6+ 31. Kxd5 Rd8+ 32. Bd6 Nc7+ 33. Kc5 Ne6+ 34.
Kd5 Nc7+ 35. Kc5 Ne6+ 1/2-1/2